Balística y pericia /
Trayectoria o balística interna. Externa. Médico-legal. Final. Testigos y acción del perito balístico. Método por descarte. Rigidez y espanto cadavérico. Datos de la autopsia. Apéndice físico-matemático. Glosario
Guardado en:
| Autor Principal: | |
|---|---|
| Otros Autores: | |
| Formato: | Libro |
| Idioma: | Spanish |
| Publicado: |
Buenos Aires :
La Rocca,
2000
|
| Edición: | 2a. ed. act. |
| Materias: | |
| Etiquetas: |
Agregar Etiqueta
Sin Etiquetas, Sea el primero en etiquetar este registro!
|
| LEADER | 00735nam a22001695a 4500 | ||
|---|---|---|---|
| 001 | DER.der000286 | ||
| 008 | 180615s2000####ag#||||||||||||||#||spa|| | ||
| 005 | 20250703173718.0 | ||
| 245 | 1 | 0 | |a Balística y pericia / |c Roberto Jorge Locles ; prólogo de Omar Breglia Arias. |
| 250 | |a 2a. ed. act. | ||
| 260 | |a Buenos Aires : |b La Rocca, |c 2000 | ||
| 300 | |a 414 p. | ||
| 520 | |a Trayectoria o balística interna. Externa. Médico-legal. Final. Testigos y acción del perito balístico. Método por descarte. Rigidez y espanto cadavérico. Datos de la autopsia. Apéndice físico-matemático. Glosario | ||
| 100 | 1 | |a Locles, Roberto Jorge | |
| 700 | 1 | |a Breglia Arias, Omar, |e prol. | |
| 650 | 7 | |a DERECHO PENAL | |
| 859 | |a DERECHO |b BIB. DERECHO |h 345 |i LOC |p 001096 | ||
